|
|
|
|
| LEADER |
00836nam a22002177a 4500 |
| 001 |
27312 |
| 003 |
BD-DhAAL |
| 008 |
130819s2012 gw a||| b||| 00| 0 eng d |
| 020 |
|
|
|a 9783659199332
|
| 040 |
|
|
|a BD-DhAAL
|c BD-DhAAL
|
| 082 |
|
|
|2 22
|a 320.95492
|
| 100 |
|
|
|a Al-Amin, Md.
|9 2702
|
| 245 |
|
|
|a The role of family dynasty in the politics of Bangladesh :
|b a theoetical framework /
|c Md. Al-Amin
|
| 260 |
|
|
|a Saarbrucken :
|b LAP LAMBERT Academic Publishing,
|c 2012
|
| 300 |
|
|
|a 80 p. :
|b ill. ;
|c 26 cm.
|
| 504 |
|
|
|a Includes bibliography (p. 78-80)
|
| 541 |
|
|
|e 27312
|
| 651 |
|
|
|a Bangladesh
|x Politics and Government
|9 2703
|
| 942 |
|
|
|2 ddc
|c BK
|
| 999 |
|
|
|c 13865
|d 13865
|
| 952 |
|
|
|0 0
|1 0
|2 ddc
|4 0
|6 320_954920000000000_ALM
|7 0
|9 23196
|a IGS
|b IGS
|c GEN
|d 2013-08-19
|e Karim International
|g 5090.00
|l 0
|o 320.95492 ALM
|p 3010027312
|r 2013-08-19
|t 1
|w 2013-08-19
|y BK
|